000 00746nam a2200217Ia 4500
003 GCL
008 140319s9999 xx 000 0 ara d
040 _aGCL /
_cGCL
082 0 4 _a817
_bج أ
100 1 _aعبدالرحمن بن على بن محمد، 1116-1201م
245 1 0 _aاخبار الظراف والمتماجنين /
_cعبدالرحمن بن على بن محمد، 1116-1201م
700 1 _aعبد ا. مهنا
250 _aالاولى
260 _aبيروت :
_bدار الفكر اللبنانى ،
_c1990
300 _a184 ص ؛
_c24 سم
650 0 4 _aالاهاجى والفكاهات
650 0 4 _aالقصص الفكاهية
650 0 4 _aالضحك
650 0 4 _aالنوادر العربية
942 _2ddc
_cBK
999 _c4949
_d4949